Statistics for Pokemon Bug Type Moves in Alphabetical Order

Click here to take the quiz!

General Stats

  • This quiz has been taken 4 times
  • The average score is 15 of 32

Answer Stats

Answer% Correct
Attack Order
100%
Bug Bite
100%
Bug Buzz
100%
Defend Order
100%
Fell Stinger
100%
Megahorn
100%
String Shot
100%
X-Scissor
100%
First Impression
50%
Fury Cutter
50%
Heal Order
50%
Infestation
50%
Leech Life
50%
Max Flutterby
50%
Pollen Puff
50%
Quiver Dance
50%
Signal Beam
50%
Spider Web
50%
Tail Glow
50%
Twineedle
50%
U-turn
50%
G-Max Befuddle
0%
Lunge
0%
Pin Missile
0%
Powder
0%
Rage Powder
0%
Savage Spin-Out
0%
Silver Wind
0%
Skitter Smack
0%
Steamroller
0%
Sticky Web
0%
Struggle Bug
0%

Score Distribution

Percentile by Number Answered

Percent of People with Each Score

Your Score History

You have not taken this quiz